| 000 | 00778nam a22002297a 4500 | ||
|---|---|---|---|
| 005 | 20140307151038.0 | ||
| 010 | _aENG-108647 | ||
| 020 |
_a9780415844352 _c895.00 |
||
| 035 | _aEN-92180 | ||
| 037 | _bDBAD/PUB | ||
| 082 | _a307.760954 | ||
| 100 | _aDey, Ishita | ||
| 245 |
_aBeyond Kolkata : _cby Ishita Dey, Ranabir Samaddar [and] Suhit K. Sen _bRajarhat and the dystopia of urban imagination / |
||
| 260 |
_aNew Delhi _c2013 _bRoutledge |
||
| 270 |
_a912, Tolstoy House, 15-17 Tolstoy Marg, Connaught Place _bNew Delhi _e110001 |
||
| 300 |
_axvi,265p. : _c23cm(Hb) _bill.,maps |
||
| 500 | _aIncludes bibliographical references and index | ||
| 600 | _d | ||
| 700 | _aSamaddar, Ranabir | ||
| 700 | _aSen, Suhit K. | ||
| 942 |
_2ddc _cEN _mDEY _h307.760954 |
||
| 999 |
_c80652 _d80652 |
||